Some approaches to reduce tediousness in growth analysis of rubber and banana (Record no. 68914)

MARC details
000 -LEADER
fixed length control field 00547nam a2200193Ia 4500
100 ## - MAIN ENTRY--AUTHOR NAME
Personal name Rodrigo V H L
245 #0 - TITLE STATEMENT
Title Some approaches to reduce tediousness in growth analysis of rubber and banana
260 ## - PUBLICATION, DISTRIBUTION, ETC. (IMPRINT)
Name of publisher Tropical Agricultural Research and Extension
Year of publication 1999
300 ## - PHYSICAL DESCRIPTION
Number of Pages 129-131
500 ## - GENERAL NOTE
General note Source Year: 2006
650 ## - SUBJECT ADDED ENTRY--TOPICAL TERM
Topical Term Banana
650 ## - SUBJECT ADDED ENTRY--TOPICAL TERM
Topical Term Growth analysis
700 ## - ADDED ENTRY--PERSONAL NAME
Personal name Kariawasam L S
700 ## - ADDED ENTRY--PERSONAL NAME
Personal name Samarasekera R K
700 ## - ADDED ENTRY--PERSONAL NAME
Personal name Stirling C M
856 ## - ELECTRONIC LOCATION AND ACCESS
Uniform Resource Identifier CAB CD
942 ## - ADDED ENTRY ELEMENTS (KOHA)
Koha item type Journals
Holdings
Withdrawn status Lost status Damaged status Not for loan Home library Current library Shelving location Date acquired Serial Enumeration / chronology Koha item type
      Journals RRII Library RRII Library Botany 29/06/2006 Volume 2, Issue 2 Journals